Love you forever / (Record no. 7860)

MARC details
000 -LEADER
fixed length control field 01190nam a22002777a 4500
001 - CONTROL NUMBER
control field 7860
003 - CONTROL NUMBER IDENTIFIER
control field FISKH
005 - DATE AND TIME OF LATEST TRANSACTION
control field 20250812102849.0
008 - FIXED-LENGTH DATA ELEMENTS--GENERAL INFORMATION
fixed length control field 250812b cb ||||| |||| 00| 0 eng d
040 ## - CATALOGING SOURCE
Original cataloging agency FISKH
Language of cataloging eng
Transcribing agency FISKH
Modifying agency FISKH
050 ## - LIBRARY OF CONGRESS CALL NUMBER
Classification number PZ7.M927 L
082 ## - DEWEY DECIMAL CLASSIFICATION NUMBER
Classification number 813.54
100 ## - MAIN ENTRY--PERSONAL NAME
Personal name Munsch, Robert
245 ## - TITLE STATEMENT
Title Love you forever /
Statement of responsibility, etc. Written by Robert Munsch ; Illustrated by Sheila McGraw
250 ## - EDITION STATEMENT
Edition statement This edition published in 2016
260 ## - PUBLICATION, DISTRIBUTION, ETC.
Place of publication, distribution, etc. Ontario :
Name of publisher, distributor, etc. Firefly,
Date of publication, distribution, etc. 1945
300 ## - PHYSICAL DESCRIPTION
Extent 30 unnumbered pages :
Other physical details color illustrations ;
Dimensions 21 cm
505 ## - FORMATTED CONTENTS NOTE
Formatted contents note R<br/>
520 ## - SUMMARY, ETC.
Summary, etc. Softly she sings to him:<br/>"I'll love you forever<br/>I'll like you for always<br/>As long as I'm living<br/>My baby you'll be." So begins the story that has touched the hearts of millions worldwide. Since publication in 1986, Love You Forever has sold more than 15 million copies in paperback and the regular hardcover edition (as well as hundreds of thousands of copies in Spanish and French).
521 8# - TARGET AUDIENCE NOTE
Target audience note 780<br/>
Source Lexile <br/>
521 8# - TARGET AUDIENCE NOTE
Target audience note R<br/>
Source Raz-Plus<br/>
650 ## - SUBJECT ADDED ENTRY--TOPICAL TERM
Topical term or geographic name entry element Growing Up
Form subdivision Realistic Fiction
General subdivision Family
Chronological subdivision Mothers
700 ## - ADDED ENTRY--PERSONAL NAME
Personal name McGraw, Sheila
Relator term illustrator
942 ## - ADDED ENTRY ELEMENTS (KOHA)
Source of classification or shelving scheme Dewey Decimal Classification
Koha item type Books
Suppress in OPAC No
Holdings
Withdrawn status Lost status Source of classification or shelving scheme Damaged status Not for loan Collection Home library Current library Shelving location Date acquired Total Checkouts Full call number Barcode Date last seen Date last checked out Copy number Price effective from Koha item type
    Dewey Decimal Classification     Juvenile Fiction Footprints International School Library Network Toul Kork Campus Footprints International School Library Network Toul Kork Campus TK Primary Library Room(4th Floor), Bookcase 5&6, Shelves 33-56, Orange Books 08/12/2025 1 MUN 813.54 PZ7.M927 L FISTK05138 12/09/2025 08/29/2025 1 08/12/2025 Books